000 00785cam a2200265 4500
008 #DATE n2002 000 0 eng u
020 _a0728203685
035 _a(Sirsi) u115405
041 _aeng
050 _a333.3320212
100 _aDavidson, A.W.
245 _aParry's valuation and investment tables
250 _a12th ed.
260 _aLondon
_bCollege of Estate Management
_c2002
300 _axxviii, 550p. ; 22cm.
350 _a27.00
520 _aDeals with not only updated life tables but also quarterly in advance valuation tables
650 _aCOLLEGE OF ESTATE MANAGEMENT
650 _aENGLISH LIFE TABLES
650 _aINVESTMENT TABLES
650 _aQUARTERLY IN ADVANCE
650 _aVALUATION TABLES
700 _aParry, Richard
942 _n0
999 _c101755
_d101755